[Event "Winnipeg TNT January op"]
[Site "Winnipeg"]
[Date "2015.06.27"]
[Round "4.4"]
[White "Evans, Jason"]
[Black "Schmidt, Lukas"]
[Result "1-0"]
[WhiteElo "1515"]
[BlackElo "1264"]
[PlyCount "45"]
[EventDate "2015.06.01"]
[EventType "swiss"]
[EventRounds "4"]
[EventCountry "CAN"]
[SourceTitle "EXT 2022"]
[Source "ChessBase"]
[SourceDate "2021.10.06"]
[SourceVersion "1"]
[SourceVersionDate "2021.10.06"]
[SourceQuality "1"]

1. e4 e6 2. d4 c6 3. Nf3 d5 4. Nc3 Nd7 5. Bd3 c5 6. exd5 exd5 7. 0-0 c4 8. Re1+ Be7 9. Bf5 Ngf6 10. Qe2 Nb6 11. Bxc8 Nxc8 12. Bg5 0-0 13. Ne5 Ne4 14. Nxe4 Bxg5 15. Nxg5 Nb6 16. Qh5 h6 17. Ngxf7 Qf6 18. Re3 g6 19. Rg3 g5 20. Nxh6+ Kg7 21. Rxg5+ Kh7 22. Nhf7+ Qh6 23. Qxh6# 1-0

[Event "Winnipeg TNT January op"]
[Site "Winnipeg"]
[Date "2015.06.??"]
[Round "2.4"]
[White "Magyar, Peter"]
[Black "Schmidt, Lukas"]
[Result "1-0"]
[WhiteElo "1582"]
[BlackElo "1264"]
[PlyCount "41"]
[EventDate "2015.06.01"]
[EventType "swiss"]
[EventRounds "4"]
[EventCountry "CAN"]
[SourceTitle "EXT 2022"]
[Source "ChessBase"]
[SourceDate "2021.10.06"]
[SourceVersion "1"]
[SourceVersionDate "2021.10.06"]
[SourceQuality "1"]

1. d4 Nf6 2. e3 e6 3. Bd3 d5 4. a3 b6 5. f4 Ba6 6. Nf3 Bd6 7. 0-0 Ne4 8. Ne5 Bxe5 9. fxe5 c6 10. Nd2 Bxd3 11. cxd3 Nxd2 12. Bxd2 Nd7 13. Bb4 a5 14. Bd6 c5 15. Qf3 f6 16. Qh5+ g6 17. Qh6 Kf7 18. exf6 Nxf6 19. Be5 Rf8 20. Bxf6 Qe8 21. Bg7+ 1-0

[Event "GER-chT U12"]
[Site "Verden an der Aller"]
[Date "2003.12.28"]
[Round "4.3"]
[White "Grimm, Pascal"]
[Black "Schmidt, Lukas"]
[Result "1-0"]
[WhiteElo "1315"]
[BlackElo "901"]
[PlyCount "69"]
[EventDate "2003.12.27"]
[EventType "team-swiss"]
[EventRounds "7"]
[EventCountry "GER"]
[SourceTitle "EXT 2022"]
[Source "ChessBase"]
[SourceDate "2021.10.06"]
[SourceVersion "1"]
[SourceVersionDate "2021.10.06"]
[SourceQuality "1"]
[WhiteTeam "Postbauer Heng"]
[BlackTeam "Waltershausen"]
[WhiteTeamCountry "GER"]
[BlackTeamCountry "GER"]

1. c4 Nf6 2. d4 g6 3. Nc3 Bg7 4. e4 d6 5. f3 0-0 6. Be3 c5 7. dxc5 dxc5 8. Bxc5 Nc6 9. Qxd8 Rxd8 10. Nd5 Nxd5 11. cxd5 Bxb2 12. Rb1 Bc3+ 13. Ke2 Ne5 14. Rc1 Ba5 15. Bxe7 Re8 16. Bd6 Nd7 17. Kd1 Nf6 18. Bb5 Rd8 19. Be7 Rf8 20. Bxf6 a6 21. Bd3 Bd8 22. Bxd8 Rxd8 23. Ne2 f5 24. Kd2 fxe4 25. fxe4 Bg4 26. Nd4 Rf8 27. Rhf1 Rf7 28. Rxf7 Kxf7 29. Rf1+ Kg7 30. Be2 Bd7 31. h3 b5 32. Bg4 Bxg4 33. hxg4 Rb8 34. Ne6+ Kh6 35. Rh1# 1-0

[Event "GER-chT U12"]
[Site "Verden an der Aller"]
[Date "2003.12.28"]
[Round "3.3"]
[White "Schmidt, Lukas"]
[Black "Tses, Evangelos"]
[Result "1-0"]
[WhiteElo "901"]
[BlackElo "1062"]
[PlyCount "73"]
[EventDate "2003.12.27"]
[EventType "team-swiss"]
[EventRounds "7"]
[EventCountry "GER"]
[SourceTitle "EXT 2022"]
[Source "ChessBase"]
[SourceDate "2021.10.06"]
[SourceVersion "1"]
[SourceVersionDate "2021.10.06"]
[SourceQuality "1"]
[WhiteTeam "Waltershausen"]
[BlackTeam "Bad Mergentheim"]
[WhiteTeamCountry "GER"]
[BlackTeamCountry "GER"]

1. e4 e6 2. d4 d5 3. exd5 exd5 4. Bd3 Nc6 5. c3 Nf6 6. h3 Bd6 7. Qf3 0-0 8. Ne2 Be6 9. 0-0 Re8 10. Ng3 g6 11. Bg5 Be7 12. Nd2 Nd7 13. Bxe7 Qxe7 14. Rfe1 Qg5 15. Re2 Ne7 16. Rae1 c5 17. Qe3 Qxe3 18. Rxe3 Nc6 19. Nf3 c4 20. Bc2 b5 21. b3 cxb3 22. axb3 Rec8 23. R1e2 b4 24. cxb4 Nxb4 25. Bb1 Rc1+ 26. Re1 Rac8 27. Ng5 Nf8 28. f4 h6 29. Nxe6 Nxe6 30. f5 Nxd4 31. fxg6 fxg6 32. Bxg6 Ndc2 33. Rxc1 d4 34. Re7 d3 35. Rd1 Rc3 36. Nf5 Rxb3 37. Re8# 1-0